Best Practice Cases in Branding (Record no. 4493)

MARC details
000 -LEADER
fixed length control field 00346nam a2200145Ia 4500
008 - FIXED-LENGTH DATA ELEMENTS--GENERAL INFORMATION
fixed length control field 191201s2008 xx 000 0 und d
082 ## - DEWEY DECIMAL CLASSIFICATION NUMBER
Classification number 658.927
Item number KEB
100 ## - MAIN ENTRY--PERSONAL NAME
Personal name KELLER, Kevin Lane
245 #0 - TITLE STATEMENT
Title Best Practice Cases in Branding
250 ## - EDITION STATEMENT
Edition statement 1st IMP
260 ## - PUBLICATION, DISTRIBUTION, ETC. (IMPRINT)
Place of publication, distribution, etc N. Delhi
Name of publisher, distributor, etc pearson
Date of publication, distribution, etc 2008
300 ## - PHYSICAL DESCRIPTION
Extent 382
650 ## - SUBJECT ADDED ENTRY--TOPICAL TERM
Topical term or geographic name as entry element BBA
942 ## - ADDED ENTRY ELEMENTS (KOHA)
Source of classification or shelving scheme Dewey Decimal Classification
Koha item type Text Books
Holdings
Withdrawn status Lost status Source of classification or shelving scheme Damaged status Not for loan Collection code Home library Current library Date acquired Source of acquisition Cost, normal purchase price Bill Number Total Checkouts Full call number Acc. no. / Barcode Date last seen Bill Date Koha item type Date last borrowed Public note
    Dewey Decimal Classification     BBA PIET C-LIBRARY PIET C-LIBRARY 26/04/2010 J B C, New Delhi 350.00 SI-4915   658.927 KEB 15271 04/12/2019 11/03/2010 Text Books    
    Dewey Decimal Classification     BBA PIET C-LIBRARY PIET C-LIBRARY 26/04/2010 J B C, New Delhi 350.00 SI-4915   658.927 KEB 15272 04/12/2019 11/03/2010 Text Books    
    Dewey Decimal Classification     BBA PIET C-LIBRARY PIET C-LIBRARY 26/04/2010 J B C, New Delhi 350.00 SI-4915   658.927 KEB 15273 04/12/2019 11/03/2010 Text Books    
    Dewey Decimal Classification     BBA PIET C-LIBRARY PIET C-LIBRARY 26/04/2010 J B C, New Delhi 350.00 SI-4915   658.927 KEB 15274 04/12/2019 11/03/2010 Text Books    
    Dewey Decimal Classification     BBA PIET C-LIBRARY PIET C-LIBRARY 26/04/2010 J B C, New Delhi 350.00 SI-4915 1 658.927 KEB 15275 25/11/2023 11/03/2010 Text Books 22/01/2022 .
    Dewey Decimal Classification     BBA PIET C-LIBRARY PIET C-LIBRARY 26/04/2010 J B C, New Delhi 350.00 SI-4915   658.927 KEB 15276 04/12/2019 11/03/2010 Text Books    

Design & Developed by: PIET Central Library
R70 Miles Stone Pattikalyana Samalkha Panipat 132102
mail ID :- [email protected], Phone No:- 0180-2569700 Ex.216